|
|
|
|
| LEADER |
00000nab a2200000ua 4500 |
| 001 |
vtls010761009 |
| 003 |
SK-MaSNL |
| 005 |
20260304200038.0 |
| 008 |
250718s2012 xo |||||||||||||||||slo| |
| 035 |
|
|
|a (urnnbn)urn:nbn:sk:snk:ar-a01uu7
|
| 035 |
|
|
|a (uuid)32591d47-1760-486f-a5ac-00ef2b2bf25b
|
| 035 |
|
|
|a urn:nbn:sk:snk-ab4gq8
|
| 040 |
|
|
|a SNKBUCL
|b slo
|c SNKBUCL
|e AACR2
|
| 041 |
0 |
|
|a slo
|
| 044 |
|
|
|a xo
|c SK
|
| 100 |
1 |
|
|a Danilák, Michal
|4 aut
|9 400492
|
| 245 |
1 |
0 |
|a eHealth, EÚ a slovenský program implementácie eHealth
|c Michal Danilák
|
| 773 |
0 |
|
|t InfoWare : magazín IT profesionálov
|g Roč. 8, č. 5 (2012), s. 53
|
| 850 |
|
|
|a Slovenská národná knižnica
|
| 852 |
|
|
|a Slovenská národná knižnica
|
| 954 |
|
|
|a odborná, vedecká literatúra pôvodná (slovenská)
|2 lita
|
| 958 |
|
|
|a article3
|
| 958 |
|
|
|a OND
|
| 958 |
|
|
|a EUIPO
|
| 999 |
|
|
|c 3084875
|d 3086805
|